01017nam a2200253 a 4500001001000000003000500010005001700015008004100032010001100073011001100084040000900095100003700104245011800141260004100259500006000300502008200360650004100442650003600483650005500519650003300574650007000607856001600677856007000693000113748CHAP20220329144411.0170914s2017 mx sm |||||||spa d a110209 a111181 cCHAP1 aCervantes Gaeta, Héctor Manuel10aAplicación de un modelo hidraulico unidimensional en drenesh[En línea]cpor Héctor Manuel Cervantes Gaeta. aChapingo, Méx. :bEl autor,c2017. aPara ver el contenido del material haga clic en la liga aTesis (Ing. en Recursos Naturales Renovables) -- UACH. Departamento de Suelos14aCuencasxEscurrimientosxMedición.14aDrenajexModelos matemáticos.14aIngeniería hidráulicaxprocesamiento de datos.14aLevantamiento topográfico.14aProcesamiento automático de datos en ingeniería hidráulica. a1 n0001517 aFinding aiduhttp://10.13.5.2/tesis/sist113748.pdfzTeclea aquí